1319 1699 1865 1218 1363 1504 1476 1787 1124 1673 1806 1747 1384 1446 1012 1131 1528 1452 1975 1527 1873 1456 1134 1084 1107 1009 1286 1890 1960 1180 1721 1303 1140 1641 1426 1453 1199 1647 1152 1592 1488 1174 1358 1444 1400 1289 1935 1369 1347 1190 1178 1071 1553 1711 1450 1967 1906 1713 1205 1581 1780 1726 1461 1790 1105 1581 1623 1662 1371 1883 1676 1760 1990 1845 1629 1800 1294 1122 1622 1563 1892 1011 1796 1691 1046 1988 1422 1304 1219 1606 1573 1256 1932 1623 1291 1281 1329 1697 1967 BCNSPRNW ULIB Ver.6.0+V

เปลี่ยนเป็นภาษาไทย

Change to English
 แสดงรายละเอียดบรรณานุกรม
  กลับหน้าหลัก

Brief Record : Get Marc (ISO 2709) : E-mail record : QR code < ปิดหน้าต่าง
LEADER : 00000nam 2200000uu 4500
001    13399114812
003     ULIB
008    020711s2552 th a 000 0 tha d
099    ^aวจ.WY152^bว491ก
100    ^aวาสนา ครุฑเมือง
110    ^aวิทยาลัยพยาบาลบรมราชชนนี อุตรดิตถ์
245    ^aการประยุกต์ใช้ทฤษฎีการปรับตัวของรอยในการพยาบาลผู้สูงอายุ/^cวาสนา ครุฑเมือง
260    ^aอุตรดิตถ์ :^bวิทยาลัยพยาบาลบรมราชชนนี อุตรดิตถ์,^c2552
300    ^a103 หน้า
650    การพยาบาลผู้สูงอายุ^xทฤษฎีการปรับตัวของรอย
945    ^p0^l0^i026558
999    ^aวรรณษา ชูชัยมงคล
รายการนี้ยังไม่มีแท็ก
คุณยังไม่ได้ล็อกอิน คุณสามารถมีกิจกรรมร่วมกับเว็บไซต์ได้ แต่ต้องล็อกอินก่อน ::
  ล็อกอิน

รายการสื่อสารสนเทศ

ลำดับที่ ประเภท เลขเรียก/บาร์โค้ด สถานที่ สถานะ
1. งานวิจัย
งานวิจัย
วจ.WY152 ว491ก ฉ.1 
  Barcode: 026558
ห้องสมุดวิทยาเขตสวรรค์ประชารักษ์
►วิจัย
บนชั้น

BibComment


ยังไม่เคยถูกคอมเมนท์

คอมเมนท์ทรัพยากรรายการนี้
  คอมเมนท์: การประยุกต์ใช้ทฤ..


 Copyright 2026. Bcnsprnw @Library